| 000 | 00573cam a22002051 4500 | ||
|---|---|---|---|
| 001 | 4070342 | ||
| 005 | 20180201084644.0 | ||
| 008 | 690228s1969 nyu b 001 0 eng | ||
| 010 | _a 69010043 | ||
| 040 |
_aDLC _cDLC _dDLC |
||
| 041 | _aeng | ||
| 080 | _a189 WIP | ||
| 082 | 0 | 0 | _a189 WIP |
| 100 | 1 | _a24 | |
| 101 | _aFIL | ||
| 245 | 1 | 0 |
_aMedieval philosophy; _cedited by John F. Wippel [and] Allan B. Wolter. |
| 504 | _aBibliography: p. 465-476. | ||
| 906 |
_a7 _bcbc _corignew _du _encip _f19 _gy-gencatlg |
||
| 942 |
_2ddc _cBK |
||
| 999 |
_c41550 _d41550 |
||